000 00375nam a2200145Ia 4500
008 230917s9999||||xx |||||||||||||| ||und||
040 _e85441
_aMAIN
041 _aEnglish
082 _a321.8 B469P
100 _aBhardwaj, R K
245 0 _aParliamentary democracy and legislators
260 _aNew Delhi
_bNational Publishing House
_c1983
300 _a187 p.
942 _cBK
999 _c58603
_d58603